000 00323nam a2200133Ia 4500
008 191201s2019 xx 000 0 und d
082 _a621.3815
_bUYC
100 _aUYEMURA, John P
245 0 _aCMOS Logic Circuit Design
260 _aN.Delhi
_bSpringer, India
300 _a528
650 _aB.Tech(ECE)
942 _2ddc
_cBK
999 _c1835
_d1835